000 00495nam a2200229Ia 4500
005 20251020182514.0
008 200515s9999 xx 000 0 und d
082 _a658.319/G25
100 _aAlonso, Luis
100 _aet al, ed.
245 0 _aTécnico en gestión
260 _aMadrid
260 _bCultural
260 _c2003
300 _a2 t.
500 _a1 ejemplar
650 _aPERSONAL
650 _aRECURSOS HUMANOS
942 _cLIB
999 _c1538
_d1538